Super Smash Bros. Ultimate : Vrai ou faux ?-Clic Quiz - Statistiques

Statistiques générales
  • Ce quiz a été pris 226 fois
  • Le résultat moyen est 13 sur 20
Statistiques - réponses
Hint Explanation Réponse % Correct
Lucario est le seul personnage ne provenant pas d'un jeu vidéo. Lucario est certes apparu pour la première fois dans un film Pokémon, mais R.O.B. est un jouet réel apparu dans notre monde. Faux
88%
Il y a 3 personnages portant le nom de Link. Link, Link enfant, Link Cartoon (en anglais, Link, Young Link, Toon Link) Vrai
83%
Machoc et Lucario sont les seuls Pokémon jouables de type Combat. Machoc n'est pas jouable. Faux
82%
Ryu est le seul personnage de Tekken jouable dans Smash. Ryu est un personnage de Street Fighter, le seul personnage de Tekken jouable est Kazuya. Faux
81%
Sora est le dernier personnage ajouté. Jusqu'à l'arrivée d'un nouveau jeu ! Vrai
80%
La représentation de Ganondorf dans Smash Ultimate est celle de The Legend of Zelda : Ocarina of Time. Comme dans Melee. Dans Brawl et 3DS/Wii U, on utilisait sa représentation de Twilight Princess. Vrai
74%
Créa-Main et Dé-Mainiaque représentent la passion du créateur pour Smash et Dé-Mainiaque l'envie de tout arrêter et de détruire sa série. Cela a été révélé officiellement par le créateur, Masahiro Sakurai, qui avait introduit ces personnages dans Kirby and the Amazing Mirror, le dernier jeu Kirby qu'il a produit. Vrai
73%
Il y a plus de personnages de Fire Emblem avec les cheveux bleus que de personnages de la série Kirby. Marth, Lucina, Chrom, Ike et Byleth (5) contre Kirby, Meta Knight et le roi DaDiDou (3) Vrai
72%
Bowser est dans le top 20 des personnages les plus rapides. Cela paraît évident mais en réalité il est 21ème ! Faux
69%
Destination Finale est le seul stage originaire de la serie Smash. Bataille aussi. Faux
68%
Félinferno est le personnage n°69 de la liste. C'est le dernier personnage apparu dans Smash Bros Ultimate avant les DLC. Vrai
67%
Super Smash Bros. Ultimate est le jeu le plus vendu sur Nintendo Switch. C'est Mario Kart 8 Deluxe. Faux
66%
Il n'y a aucun costume Mii venant de la série Pokémon. La tenue d'un sbire de la team Rocket a été récemment ajouté. Faux
66%
Shulk, Snake et Sephiroth possèdent tous les trois un costume alternatif où ils sont torse nu. Seulement Shulk et Sephiroth. Faux
66%
Donkey Kong est le seul personnage à avoir un Command Grab ET un Counter. Il n'en a aucun des deux. Faux
65%
Super Mario et The Legend of Zelda sont les seules séries de jeu vidéo à avoir au moins 2 personnages jouables dans CHAQUE jeu Smash. Ce sont Super Mario (avec Mario et Luigi) et Pokémon (avec Pikachu et Rondoudou) Faux
55%
Le Down B de Luigi est identique à celui de Dr. Mario. Ils tournoient à grande vitesse. Vrai
51%
R.O.B. a un costume alternatif différent selon la version du jeu. Aux États-Unis, en Europe, en Chine et en Corée, R.O.B. est blanc pour symboliser la NES, mais au Japon R.O.B. est rouge et blanc pour symboliser la Famicom. Vrai
44%
Mario est un personnage trio comme Pyra et Mythra. On peut voir Cappy sur son Up-B et une de ses Taunts et J.E.T. sur son Down-B. Vrai
12%
Deux personnages de Batman sont jouables. Je vous rassure, c'est faux ; mais Joker de Persona et jouable, et Daraen de Fire Emblem s'appelle Robin en anglais. Vrai
10%
Aucun quiz correspondant
Distribution des résultats
% des personnes avec chaque résultat
Percentile par nombre de réponses
Votre historique - résultats
Vous n’avez pas pris ce quiz